000 00916nam a2200277 i 4500
001 88861
003 ES-MaACL
005 20230906175944.0
007 t|
008 041227s1993 sp |||| | spa d
020 _a84-335-0804-0
080 _a296
080 _a272"003/0787"
080 _a938
245 0 3 _aEl crisol del cristianismo
_b: advenimiento de una nueva era /
_cdirigida por Arnold Toynbee ; textos originales de Abraham Schalit ... [et al.].
260 _aBarcelona :
_bLabor,
_c[1993]
300 _a367 p. :
_bil. ;
_c35 cm.
490 1 _aHistoria de las civilizaciones
650 _aCristianismo-
_xHistoria-
_yS.I-VI.
_9163038
650 4 _aJudaĆ­smo-
_xHistoria-
_yHasta 70 d.C.
_913969
700 1 _aToynbee, Arnold Joseph.
_9111194
700 1 _aSchalit, Abraham.
_9104214
830 0 _aHistoria de las civilizaciones
_9184084
852 _aES-MaACL
_jE-10713
999 _c88861
_d88861